Molly and Arthur Weasley's (Harry Potter), Grandchildren - Statistics

General Stats
  • This quiz has been taken 242 times
  • The average score is 9 of 12
Answer Stats
Hint Answer % Correct
Grandchild Rose
91%
Grandchild Lily
89%
Grandchild Albus
88%
Grandchild Hugo
88%
Grandchild James
86%
Grandchild Fred
83%
Grandchild Molly
74%
Grandchild Victoire
71%
Grandchild Louis
68%
Grandchild Roxanne
65%
Grandchild Dominique
60%
Grandchild Lucy
58%
No matching quizzes found
Score Distribution
Percent of People with Each Score
Percentile by Number Answered
Your Score History
You have not taken this quiz